Roller Coasters at Random Parks, Vol. 1 - Statistics

General Stats
  • This quiz has been taken 231 times
  • The average score is 29 of 63
Answer Stats
Park Manufacturer Coaster % Correct
Hersheypark B&M Candymonium
86%
Hersheypark Intamin Skyrush
77%
Hersheypark B&M Great Bear
74%
Hersheypark GCI Wildcat
71%
Hersheypark Intamin Storm Runner
69%
Hersheypark Intamin Fahrenheit
67%
Busch Gardens Tampa Bay RMC Iron Gwazi
62%
Hersheypark PTC Comet
61%
Kings Island B&M Orion
61%
Kings Island B&M Banshee
57%
Kings Island B&M Diamondback
57%
Hersheypark Vekoma Jolly Rancher Remix
57%
Busch Gardens Tampa Bay Intamin Cheetah Hunt
55%
Walt Disney World Resort Vekoma Expedition Everest
55%
Kings Island Charlie Dinn The Beast
55%
Busch Gardens Tampa Bay B&M Montu
54%
Hersheypark Schwarzkopf SooperDooperLooper
54%
Kings Island Arrow The Bat
54%
Six Flags Over Georgia B&M Goliath
53%
Hersheypark GCI Lightning Racer
52%
Busch Gardens Tampa Bay B&M Kumba
51%
Walt Disney World Resort Unknown Space Mountain
51%
Kentucky Kingdom RMC Storm Chaser
51%
Kings Island GCI Mystic Timbers
50%
Busch Gardens Tampa Bay Mack Cobra’s Curse
49%
Busch Gardens Tampa Bay B&M SheiKra
49%
Kings Island PTC The Racer
49%
Six Flags Over Georgia RMC Twisted Cyclone
49%
Kings Island Premier Flight of Fear
48%
Busch Gardens Tampa Bay Schwarzkopf Scorpion
48%
Walt Disney World Resort Vekoma Seven Dwarfs Mine Train
47%
Walt Disney World Resort Unknown Big Thunder Mountain Railroad
46%
Walt Disney World Resort Vekoma Rock ‘n’ Rollercoaster Starring Aerosmith
46%
Hersheypark Maurer Laff Trakk
45%
Busch Gardens Tampa Bay Premier Tigris
45%
Kings Island Premier Backlot Stunt Coaster
44%
Six Flags Over Georgia B&M Batman: The Ride
43%
Kentucky Kingdom Chance Lightning Run
43%
Walt Disney World Resort Vekoma Guardians of the Galaxy: Cosmic Rewind
42%
Kings Island Vekoma Invertigo
42%
Walt Disney World Resort Mack Slinky Dog Dash
41%
Hersheypark Mack Wild Mouse
41%
Six Flags Over Georgia B&M Superman: Ultimate Flight
39%
Kings Island PTC Woodstock Express
39%
Hersheypark Arrow Trailblazer
38%
Hersheypark Zamperla Cocoa Cruiser
36%
Kings Island E&F Miler Great Pumpkin Coaster
36%
Six Flags Over Georgia Gerstlauer Dare Devil Dive
35%
Kentucky Kingdom Gravity Group Kentucky Flyer
35%
Kings Island Arrow Adventure Express
34%
Busch Gardens Tampa Bay Zierer Air Grover
34%
Six Flags Over Georgia Arrow Dahlonega Mine Train
34%
Six Flags Over Georgia B&M Georgia Scorcher
34%
Busch Gardens Tampa Bay Mack Sand Serpent
33%
Kentucky Kingdom Vekoma T3
33%
Walt Disney World Resort Vekoma Barnstormer
32%
Six Flags Over Georgia Schwarzkopf Riddler Mindbender
32%
Kentucky Kingdom Dinn Corp. Thunder Run
32%
Six Flags Over Georgia PTC Great American Scream Machine
31%
Six Flags Over Georgia Vekoma Blue Hawk
30%
Six Flags Over Georgia Chance Joker Funhouse Coaster
30%
Kings Island Vekoma Flying Ace Aerial Chase
29%
Kentucky Kingdom Vekoma Roller Skater
22%
No matching quizzes found
Score Distribution
Percent of People with Each Score
Percentile by Number Answered
Your Score History
You have not taken this quiz